000 01013nam a2200253Ia 4500
003 Ost
005 20260507075147.0
008 260507s9999||||xx |||||||||||||| ||und||
020 _a1321169957
040 _cfsecg
041 _aara
082 _a330
100 _aالشورة، جلال عايد
_eمؤلف
245 0 _aوسائل الدفع الالكتروني /
_c جلال عايد الشورة
260 _aعمان:
_bدار الثقافة,
_c2009
300 _a143 صفحة؛
_bإيضاحات ؛
_c25 سم
504 _aالمراجع ص.133
520 _aوسائل الدفع الإلكترونية- بطاقات الإئتمان- النقود الرقمية- النظام القانوني لوسائل الدفع الإلكترونية- مخاطر وسائل الدفع الإلكترونية- إدارة المخاطر
653 _aالبنوك
653 _aالبنوك- تكنولوجيا
653 _aالسياسة النقدية
653 _aالنقود
942 _cكتاب
999 _c43324
_d43324